| 000 | 00898cam a22002654a 4500 | ||
|---|---|---|---|
| 999 |
_c7307 _d7307 |
||
| 001 | 49383771 | ||
| 003 | OCoLC | ||
| 005 | 20190207120657.0 | ||
| 008 | 020314s2002 tnua b 000 0 eng | ||
| 010 | _a2002004204 | ||
| 020 | _a0785265147 | ||
| 040 |
_aDLC _cDLC _dMZN |
||
| 042 | _apcc | ||
| 050 | 0 | 0 |
_aBV652.2 _b.H33 2002 |
| 082 |
_a253.7 _bH145D |
||
| 100 | 1 | _aHaggard, Ted | |
| 245 | 1 | 0 |
_aDog training, fly fishing & sharing Christ in the 21st century : _bempowering your church to build community through shared interests / _cTed Haggard |
| 246 | 3 | _aDog training, fly fishing, and sharing Christ in the 21st century | |
| 260 |
_aNashville, Tenn. : _bT. Nelson Publishers, _cc2002 |
||
| 300 |
_axi, 211 p. : _bill. ; _c24 cm |
||
| 504 | _aIncludes bibliographical references | ||
| 650 | 0 | _aChurch group work | |
| 650 | 0 |
_aSmall groups _xReligious aspects _xChristianity |
|
| 942 |
_2ddc _cBK |
||